| 000 | 01148nam a2200277 i 4500 | ||
|---|---|---|---|
| 003 | EG-ScBUE | ||
| 005 | 20231217114110.0 | ||
| 008 | 110811s1968 ua b f b 000 0 bara d | ||
| 040 |
_aEG-ScBUE _bara _erda _cEG-ScBUE _dEG-ScBUE |
||
| 043 | _aa-iq--- | ||
| 082 | 0 | 4 |
_222 _a956.703 _bن و ا |
| 100 | 1 |
_926664 _aنوار، عبد العزيز سليمان، _eمؤلف. |
|
| 245 | 1 | 0 |
_aداود باشا : _bوالي بغداد / _cتأليف الدكتور عبد العزيز سليمان نوار. |
| 264 | 1 |
_aالقاهرة : _bدار الكتاب العربي للطباعة والنشر، _c1968. |
|
| 300 |
_a369 صفحة : _bخرائط ؛ _c24 سم. |
||
| 336 |
_2rdacontent _aنص _btxt |
||
| 337 |
_aبدون وسيط _2rdamedia _bn |
||
| 338 |
_aمجلد _bnc _2rdacarrier |
||
| 490 | 0 |
_aالمكتبة العربية. _aالتأليف ؛ _v52 |
|
| 504 | _aيشتمل على إرجاعات ببليوجرافية. | ||
| 600 | 0 | 7 |
_2BUEsh _aداود باشا، _d1774-1851. |
| 651 | 7 |
_2BUEsh _aالعراق _xتاريخ _yالعصر العثماني (1640-1917 م.). |
|
| 653 | _cAugust2011 | ||
| 655 | _vReading book | ||
| 942 |
_2ddc _cBB |
||
| 999 |
_c15813 _d15813 |
||